Statistics for Name these popular K-pop groups by picture

Click here to take the quiz!

General Stats

  • This quiz has been taken 81 times
  • The average score is 22 of 32

Answer Stats

Answer% Correct
BlackPink
100%
BTS
100%
Twice
95%
Mamamoo
92%
Red Velvet
91%
TxT
91%
Stray Kids
89%
Enhypen
88%
Itzy
88%
Seventeen
88%
Exo
85%
Aespa
83%
G-(I)dle
82%
Ateez
78%
IVE
78%
Kep1er
77%
Le SSerafim
74%
NCT127
74%
Kard
72%
NCT Dream
71%
Got7
68%
Nmixx
68%
Stayc
58%
Everglow
57%
Dreamcatcher
45%
Billlie
43%
SuperM
43%
Fromis_9
42%
TVXQ
40%
Oneus
26%
Golden Child
15%
Victon
14%

Score Distribution

Percentile by Number Answered

Percent of People with Each Score

Your Score History

You have not taken this quiz